000 01752pab a2200169 454500
008 180718b2006 xxu||||| |||| 00| 0 eng d
100 _aLeyshon, Andrew
245 _aWalking with moneylenders: the ecology of the UK home-collected credit industry
260 _c2006
300 _ap.161-86.
362 _aJan
520 _aThe aim of the paper is to assess the role of doorstep credit companies in the delivery of financial services in areas affected by high levels of financial and social exclusion. In particular, the paper looks at the relationship between agents and customers using two metaphors associated with interaction between different species in an ecological setting - namely, parasitism and symbiotic mutualism. The metaphor of parasitism circulates widely within debates about moneylending in the media and among advocacy groups, such as the Consumer Association, that work on behalf of low-income individuals and households. The metaphor of symbiotic mutualism describes the depiction of the relationship between consumers and moneylenders put forward by the moneylending industry. Drawing on field work undertaken within moneylending companies, this paper argues that the relationship between the agents and customers is cultivated to overcome information asymmetries; that is, to produce information about customers' ability to repay. The paper investigates the way in which the initial knowledge about customers is developed during the weekly visits that agents make to the homes of customers. `Friendly' relationships are cultivated by agents to retain profitable customers who have earned the agent's trust. - Reproduced.
650 _aCredit - Great Britain
650 _aCredit
773 _aUrban Studies
909 _a69884
999 _c69884
_d69884